000 00377nam a22001457a 4500
003 SGT
020 _a9789382963134
082 _a616.992
_bE18P
100 _aPAI, PRATHAMESH
245 _aEVIDENCE BASED MANAGEMENT OF CANCER IN INDIA: HEAD AND NECK CANCERS PART -A
260 _aINDIA
_bTATA MEMORIAL HOSPITAL
_c2018
300 _a124
650 _aMEDICINE
942 _2ddc
_cBK
999 _c21387
_d21387